عرض عادي
عرض مارك
- Digital integrated circuits
مدخل مصطلح موضوعي
001 - رقم الضبط
- حقل الضبط: 36492
003 - معرف رقم الضبط
- حقل الضبط: OSt
005 - تاريخ ووقت أخر عملية
- حقل الضبط: 20130805150105.0
008 - عناصر بيانات ثابتة الطول
- حقل تحكم ثابت الطول: 130805|||a|||||| | ||| d
040 ## - مصدر الفهرسة
- هيئة الفهرسة الأصلية: OSt
- وكالة الكتابة: OSt
150 ## - مدخل-- مصطلح تاريخي
- عنصر مدخل المصطلح الموضوعي او الاسم الجغرافي: Digital integrated circuits
670 ## - بيانات المصدر موجوده
- الاستشهاد بالمصدر: Work cat.: (OSt): Mano, M. Morris, 36461 1927-, Digital design :, c2013.
